000 01619cam a2200553 4500500
005 20260322001729.0
041 _afre
042 _adc
100 1 0 _aVenayre, Sylvain
_eauthor
245 0 0 _aGermains ou Gaulois ? Querelles d’origines
260 _c2023.
500 _a63
690 _a.
690 _a« Allemagne » se retrouve dans les langues romanes et arabes. Les Anglo-Saxons emploient
690 _a« pays des Alamans »
690 _a tribu sudgermanique. En allemand
690 _a
690 _a(« muet »).
690 _aAlamannia
690 _a
690 _aAllemagne
690 _adésigne à partir du
690 _adeutsch
690 _aDeutschland.
690 _ae
690 _aen allemand
690 _a « pays des Francs ». Venus du nord de l’espace germanique
690 _a les Francs migrent
690 _a au Ve siècle
690 _a à l’est du Rhin et con
690 _aen latin) à partir du
690 _aFrance
690 _aFrancia
690 _aFrankreich
690 _a
690 _aGermany
690 _a
690 _aLe nom du pays dérive de
690 _aLe nom vient en français du latin
690 _ales Slaves
690 _aNiemetz
690 _asiècle
690 _asiècle la langue et ceux qui la parlent
690 _a puis donne
690 _axii
690 _axv
786 0 _nL'Histoire - Les Collections | 100 | 3 | 2023-07-06 | p. 36-39 | 2727-6945
856 4 1 _uhttps://shs.cairn.info/magazine-hist-l-hisoire-les-collections-2023-3-page-36?lang=fr&redirect-ssocas=7080
999 _c1717333
_d1717333